L'autisme de l'enfant : Un développement sociocognitif différent (notice n° 1566881)
[ vue normale ]
| 000 -LEADER | |
|---|---|
| fixed length control field | 01474cam a2200133 4500500 |
| 005 - DATE AND TIME OF LATEST TRANSACTION | |
| control field | 20251214002413.0 |
| 041 ## - LANGUAGE CODE | |
| Language code of text/sound track or separate title | fre |
| 042 ## - AUTHENTICATION CODE | |
| Authentication code | dc |
| 100 10 - MAIN ENTRY--PERSONAL NAME | |
| Personal name | Plumet, Marie-Hélène |
| Relator term | author |
| 245 00 - TITLE STATEMENT | |
| Title | L'autisme de l'enfant : Un développement sociocognitif différent |
| 260 ## - PUBLICATION, DISTRIBUTION, ETC. | |
| Name of publisher, distributor, etc. | Armand Colin,<br/> |
| Date of publication, distribution, etc. | 2014.<br/> |
| 520 ## - SUMMARY, ETC. | |
| Summary, etc. | Dans l’autisme, le développement de l’enfant suit des chemins différents transformant de façon précoce et profonde la cognition et la communication. L’ouvrage fournit une synthèse originale des travaux les plus récents sur ces deux dimensions, présentée sous l’angle développemental. Il analyse aussi bien les singularités que ce qui fonctionne et se développe dans les aptitudes sociocognitives de ces enfants. Quelles significations peuvent-ils construire du monde social et non social qui les entoure ? Comment évoluent leurs moyens cognitifs et communicatifs, et quelles aides ajustées contribuent à limiter le handicap ? Depuis les recherches en observation naturelle jusqu’à celles explorant le cerveau, connaissances et modèles interprétatifs sont mis en perspective ainsi que leurs applications.Étudiants comme publics professionnels concernés trouveront ici les connaissances scientifiques rigoureuses qui ont modifié depuis plusieurs années la conception et les prises en charge de l’autisme. |
| 856 41 - ELECTRONIC LOCATION AND ACCESS | |
| Uniform Resource Identifier | <a href="https://shs.cairn.info/l-autisme-de-l-enfant--9782200276720?lang=fr&redirect-ssocas=7080">https://shs.cairn.info/l-autisme-de-l-enfant--9782200276720?lang=fr&redirect-ssocas=7080</a> |
Pas d'exemplaire disponible.




Réseaux sociaux